Phương pháp tính và các thuật toán

Sách trình bày những vấn đề cơ bản về sai số, cách ước lượng, lý thuyết xấp xỉ hàm. Phương pháp tính gần đúng, giải gần đúng một lớp các phép tính các phương trình thường gặp.

Spremljeno u:
Bibliografski detalji
Glavni autor: Phan, Văn Hạp
Format: Knjiga
Jezik:Undetermined
Izdano: Hà Nội Giáo Dục 2000
Teme:
Oznake: Dodaj oznaku
Bez oznaka, Budi prvi tko označuje ovaj zapis!
Thư viện lưu trữ: Trung tâm Học liệu Trường Đại học Cần Thơ
LEADER 00915nam a2200229Ia 4500
001 CTU_39395
008 210402s9999 xx 000 0 und d
020 |c 21400 
082 |a 515 
082 |b H109 
100 |a Phan, Văn Hạp 
245 0 |a Phương pháp tính và các thuật toán 
245 0 |c Phan Văn Hạp, Lê Đình Thịnh 
260 |a Hà Nội 
260 |b Giáo Dục 
260 |c 2000 
520 |a Sách trình bày những vấn đề cơ bản về sai số, cách ước lượng, lý thuyết xấp xỉ hàm. Phương pháp tính gần đúng, giải gần đúng một lớp các phép tính các phương trình thường gặp. 
526 |a Phương pháp tính 
526 |b TN751 
650 |a Approximate computation 
904 |i Minh 
980 |a Trung tâm Học liệu Trường Đại học Cần Thơ